00585nam a22001577i 4500003000900000008004100009020002200050040007100072082002600143100001900169245007700188260003500265300002900300505006800329856003000397AR-CdUCM240327b20232023pe ||||| |||| 00| 0 spa d a978-612-4436-81-9 aMUNICIPALIDAD PROVINCIAL DEL CUSCOcBIBLIOTECA MUNICIPAL DEL CUSCO a869.56 / Z87M8bZ87M8 aZorrilla, Zein aEl Mestizo de los Andes y su Destino :bGuerra con Chile: La lección / aLima :bLluvia Editores,c2023 a135 páginas. :c24 cm. a¿Por qué recordar la guerra del 79? -- Cáceres y Cáceres fwww.lluviaeditores.com.pe